Fascinating Egypt = L'Egypte ravissante : a bi-lingual Egypt guide-book to Nile-land and its wonders from the Delta to Uganda /
Saved in:
Main Author:
Format: Book
Language:
English
French
Subjects:
Tags: Add Tag
No Tags, Be the first to tag this record!
Call Number: DT45 .F33 1908
| LEADER | 00879namaa2200253 4500 | ||
|---|---|---|---|
| 001 | 22823 | ||
| 003 | OSt | ||
| 005 | 20260429070413.0 | ||
| 008 | 130303s1909 enkab 000 0 eng d | ||
| 040 | |c ARCE Library | ||
| 041 | 0 | |a eng |a fre | |
| 043 | |a f-ua--- | ||
| 050 | 4 | |a DT45 .F33 1908 | |
| 100 | 1 | |a Weinthal, Leo, |d 1865- |e author |9 42019 | |
| 245 | 1 | 0 | |a Fascinating Egypt = L'Egypte ravissante : |b a bi-lingual Egypt guide-book to Nile-land and its wonders from the Delta to Uganda / |c compiled and edited by Leo Weinthal, associate editors: Philip Taylor [and] W. H. Holloway. |
| 246 | 3 | 1 | |a Egypte ravissante. |
| 264 | 1 | |a London : |b African World, |c 1909?. | |
| 300 | |a 292 pages : |b illustrations, maps ; |c 17 cm. | ||
| 500 | |a "Season 1908-1909"--T. p. | ||
| 546 | |a English and French. | ||
| 651 | 0 | |a Egypt |v Guidebooks. | |
| 901 | |a reviewed | ||
| 942 | |c BK |2 lcc | ||
| 999 | |c 22558 |d 22558 | ||
